[Event "IECC CL6-2009.24 email"]
[Site "IECC email"]
[Date "2009.09.28"]
[Round "?"]
[White "Kawagoe, Toshiji"]
[Black "Vivanco, Villanueva"]
[Result "1-0"]
[WhiteElo "1418"]
[BlackElo "1223"]
[PlyCount "61"]
[EventDate "2009.??.??"]
[EventType "tourn (corr)"]
[EventRounds "4"]
[SourceTitle "Telechess CBM 137"]
[Source "ChessBase"]
[SourceDate "2010.07.15"]
[SourceVersion "1"]
[SourceVersionDate "2010.07.15"]
[SourceQuality "1"]
[WhiteTeam "Japan"]
[BlackTeam "Spain"]
[WhiteTeamCountry "JPN"]
[BlackTeamCountry "ESP"]

1. e4 e5 2. Nf3 Nf6 3. Nxe5 Qe7 4. d4 Nc6 5. Nf3 Qxe4+ 6. Be2 Bb4+ 7. c3 Be7 8. 0-0 0-0 9. Re1 Qd5 10. c4 Qa5 11. c5 d6 12. Bd2 Nb4 13. Bf1 Be6 14. Nc3 c6 15. Ne4 dxc5 16. a3 Nxe4 17. Rxe4 Qd8 18. axb4 Bd5 19. Re3 Bxf3 20. Qxf3 cxd4 21. Re4 Bf6 22. b5 Qb6 23. bxc6 Qxc6 24. Rc1 Qd7 25. Qb3 Rac8 26. Rce1 Qc6 27. Bb5 Qb6 28. Qa4 d3 29. Ba5 Qd6 30. Bb4 Qd5 31. Bxf8 1-0